Pays traversés par le tropique du Capricorne - Statistiques

Statistiques générales
  • Ce quiz a été pris 32 fois
  • Le résultat moyen est 9 sur 11
Statistiques - réponses
Réponse % Correct
Argentine
97%
Australie
93%
Brésil
93%
Chili
93%
Afrique du Sud
90%
Namibie
90%
Mozambique
79%
Uruguay
79%
Botswana
76%
Paraguay
76%
Zimbabwe
76%
Aucun quiz correspondant
Distribution des résultats
% des personnes avec chaque résultat
Percentile par nombre de réponses
Votre historique - résultats
Vous n’avez pas pris ce quiz